ESSENTIALS OF PHARMACOLOGY FOR DENTISTRY (Record no. 3683)

MARC details
000 -LEADER
fixed length control field 00378nam a2200145Ia 4500
008 - FIXED-LENGTH DATA ELEMENTS--GENERAL INFORMATION
fixed length control field 150201s2005 xx 000 0 und d
082 ## - DEWEY DECIMAL CLASSIFICATION NUMBER
Classification number 615.321
Item number E2005T
100 ## - MAIN ENTRY--PERSONAL NAME
Personal name TRIPATHI,K.D.
245 ## - TITLE STATEMENT
Title ESSENTIALS OF PHARMACOLOGY FOR DENTISTRY
250 ## - EDITION STATEMENT
Edition statement 1ST
260 ## - PUBLICATION, DISTRIBUTION, ETC. (IMPRINT)
Name of publisher, distributor, etc. JAYPEE MEDICAL PUBLISHER
Place of publication, distribution, etc. DELHI
Date of publication, distribution, etc. 2005
300 ## - PHYSICAL DESCRIPTION
Extent 1-491
650 ## - SUBJECT ADDED ENTRY--TOPICAL TERM
Topical term or geographic name as entry element PHARMACOLOGY
942 ## - ADDED ENTRY ELEMENTS (KOHA)
Source of classification or shelving scheme Dewey Decimal Classification
Koha item type Books
Koha issues (borrowed), all copies 82
Holdings
Withdrawn status Lost status Source of classification or shelving scheme Damaged status Not for loan Home library Current library Date acquired Source of acquisition Cost, normal purchase price Serial Enumeration / chronology SGTU Bill Number Total Checkouts Full call number Barcode Date last seen Date last checked out Bill Date Koha item type Total Renewals
    Dewey Decimal Classification     SGT Dental Library SGT Dental Library 31/10/2007 U.B.S.DELHI 395.00 1 SGTU 709 59 615.321 E2005T FD4455 09/03/2024 09/03/2024 25/08/2012 Books  
    Dewey Decimal Classification     SGT Dental Library SGT Dental Library 31/10/2007 U.B.S.DELHI 395.00 1 SGTU 709 76 615.321 E2005T FD4456 01/12/2021 01/12/2021 25/08/2012 Books  
    Dewey Decimal Classification     SGT Dental Library SGT Dental Library 31/10/2007 U.B.S.DELHI 395.00 1 SGTU 709 46 615.321 E2005T FD4457 26/08/2021 09/08/2021 25/08/2012 Books  
    Dewey Decimal Classification     SGT Dental Library SGT Dental Library 20/10/2010 U.B.S.DELHI 495.00 1 SGTU 620   615 E2008T FD6191 09/02/2015   30/03/2013 Books  
    Dewey Decimal Classification     SGT Dental Library SGT Dental Library 20/10/2010 U.B.S.DELHI 495.00 1 SGTU 620 12 615 E2008T FD6192 14/03/2026 14/03/2026 30/03/2013 Books 1
    Dewey Decimal Classification     SGT Dental Library SGT Dental Library 20/10/2010 U.B.S.DELHI 495.00 1 SGTU 620 15 615 E2008T FD6193 28/05/2026 28/05/2026 30/03/2013 Books 1
    Dewey Decimal Classification     SGT Dental Library SGT Dental Library 20/10/2010 U.B.S.DELHI 495.00 1 SGTU 620 1 615 E2008T FD6194 12/03/2026 12/03/2026 30/03/2013 Books  
    Dewey Decimal Classification     SGT Dental Library SGT Dental Library 20/10/2010 U.B.S.DELHI 495.00 1 SGTU 620 32 615 E2008T FD6195 23/03/2026 23/03/2026 30/03/2013 Books 3